Provinces of Socialist Ethiopia in 1987 on a Map - Statistics

General Stats
  • This quiz has been taken 18 times
  • The average score is 9 of 30
Answers on the Map
Answers color-coded by a green-red scale on the quiz's map according to % correct below.
 
Answer Stats
Answer % Correct
2 Eritrea
100%
1 Addis Ababa
93%
2 Tigray
80%
2 Dire Dawa
60%
2 Ogaden
53%
1 Sidamo
47%
1 Gambella
40%
2 Aseb
33%
1 Assosa
27%
1 Bale
27%
1 Arsi
20%
1 Borena
20%
1 Eastern Gojjam
20%
1 Eastern Hararge
20%
1 Eastern Shewa
20%
1 Keffa
20%
1 Northern Gonder
20%
1 Northern Omo
20%
1 Northern Shewa
20%
1 Southern Gonder
20%
1 Southern Omo
20%
1 Southern Shewa
20%
1 Wellega
20%
1 Western Gojjam
20%
1 Western Hararge
20%
1 Western Shewa
20%
1 Illubaor
13%
1 Metekele
13%
1 Northern Wollo
13%
1 Southern Wollo
13%
No matching quizzes found
Score Distribution
Percent of People with Each Score
Percentile by Number Answered
Your Score History
You have not taken this quiz